| 000 | 01373nam a2200265 a 4500 | ||
|---|---|---|---|
| 001 | 65377 | ||
| 003 | BD-RjUL | ||
| 005 | 20211209081422.0 | ||
| 008 | 170305s1980 ii ||||| |||| 00| 0 eng d | ||
| 020 | _cTk. 10.00 | ||
| 035 | _a(BD-RjUL)65507 | ||
| 040 |
_aBD-RjUL _bben _cBD-RjUL |
||
| 041 | _aben | ||
| 082 |
_223 _a891.443 _bMAF 1980 |
||
| 100 | 1 |
_a ম্যলেন্স, হানা ক্যাথেরীন _9193481 |
|
| 245 |
_aফুলমণি ও করুণার বিবরন / _cহানা ক্যাথেরীন ম্যলেন্স ;আচার্য সুনীতিকুমার চট্টোপাধ্যায় ;চিত্তরঞ্জন বন্দোপাধ্যায় |
||
| 250 | _aনতুন সং | ||
| 260 |
_aকলিকাতা : _bজেনারেল প্রিন্টার্স, _c১৯৮০. |
||
| 300 |
_a১৪৮ পৃ. ; _c১৮ সেমি. |
||
| 650 |
_aবাংলা উপন্যাস _9170454 |
||
| 650 |
_aBengali Fiction _9170455 |
||
| 700 |
_a চট্টোপাধ্যায়, আচার্য সুনীতিকুমার _qআচার্য সুনীতিকুমার চট্টোপাধ্যায় _9193482 |
||
| 700 |
_aবন্দোপাধ্যায়, চিত্তরঞ্জন _9193483 |
||
| 942 |
_2ddc _cBK |
||
| 999 |
_c65377 _d65377 |
||